Najlepsi strzelcy Premier League - Statystyki

Ogólne statystyki
  • Ten quiz został rozwiązany 172 razy
  • Średni wynik to 9 z 15
Statystyki odpowiedzi
Piłkarz strzelone bramki Kluby dla których strzelał w Premier League % Poprawnych
Harry Kane 213 Tottenham Hotspur
97%
Wayne Ronney 208 Manchester United, Everton
93%
Sergio Agüero 184 Manchester City
87%
Jamie Vardy 140 Leicester City
81%
Thierry Henry 175 Arsenal
77%
Alan Shearer 260 Newcastle United, Blackburn Rovers
74%
Robin van Persie 144 Arsenal, Manchester United
66%
Michael Owen 150 Liverpool, Newcastle United, Manchester United, Stoke City
58%
Frank Lampard 177 Chelsea, West Ham, Manchester City
57%
Mohamed Salah 163 Liverpool, Chelsea
56%
Andy Cole 187 Newcastle United, Manchester United, Blackburn Rovers,Fulham, Manchester City, Portsmouth, Sunderland
36%
Jermain Defoe 163 West Ham, Tottenham Hotspur, Portsmouth,Sunderland, Bournemouth
27%
Robbie Fowler 162 Liverpool, Leeds United, Manchester City, Blackburn Rovers
23%
Teddy Sheringham 146 Nottingham Forest, Tottenham Hotspur, Manchester United,Portsmouth, West Ham
17%
Les Ferdinand 149 QPR, Newcastle United, Tottenham Hotspur, West Ham,Leicester City, Bolton Wonderers
13%
Nie znaleziono quizów pasujących do podanych kryteriów
Rozkład punktacji
Procent ludzi z każdym wynikiem
Percentyl według liczby udzielonych odpowiedzi
Twoja historia wyników
Nie rozwiązałeś tego quizu